Normal view MARC view
  • Instituto Nacional de Pedagogía (México)

Entry Nombre Corporativo

Number of records used in: 352

001 - NÚMERO DE CONTROL

  • campo de control: 28088

003 - IDENTIFICADOR DE NUMERO DE CONTROL

  • campo de control: UPN

005 - FECHA Y HORA DE LA ÜLTIMA TRANSACCIÓN

  • campo de control: 20240930135038.0

008 - DATOS DE LONGITUD FIJA

  • campo de control de longitud fija: 240424nn|acnnnaabn a a|a |d

035 ## - NÚMERO DE CONTROL

  • Número de control: UPN11000000194

040 ## - FUENTE DE CATALOGACIÓN

  • Lenguaje de catalogación: spa
  • Agencia transcribe: MX-MxUPN
  • Agencia original de catalogación: MX-MxUPN

053 #4 - NÚMERO DE CLASIFICACIÓN LC

  • Classification number element--single number or beginning number of span: L227 D3.71

110 2# - ENCABEZAMIENTO - NOMBRE CORPORATIVO

  • Nombre corporativo o de jurisdicción como elemento de entrada : Instituto Nacional de Pedagogía (México)

410 2# - MENCIÓN DE REFERENCIA “VÉASE” – NOMBRE DE ENTIDAD CORPORATIVA

  • Corporate name or jurisdiction name as entry element: Inst. Nal. Pedagogía

510 ## - MENCIÓN DE REFERENCIA “VÉASE ADEMÁS”- NOMBRE DE ENTIDAD CORPORTATIVA

  • Control subfield: r
  • Relationship information: Sucesor
  • Corporate name or jurisdiction name as entry element: Instituto Nacional de Investigación Educativa (México)

670 ## - FUENTE EN LA QUE SE LOCALIZARON DATOS

  • Cita de la fuente : T
  • Información localizada: Estudio socio-económico de las familias de los niños que asistieron a la sexta colonia de vacaciones del IMSS en Oaxtepec, Mor.

670 ## - FUENTE EN LA QUE SE LOCALIZARON DATOS

  • Cita de la fuente : Luzuriaga, L. Concepto y desarrollo de la nueva educación, 1935 :
  • Información localizada: portada (sello con tinta: Biblioteca Inst. Nal. Pedagogía)

902 ## - CATALOGADOR

  • Catalogador: DAA/010807